=LDR 00000nam 2200000 4500 =001 INLIS000000000022604 =005 20130612121339 =008 ***********************************Ind** =035 ##$$0010-061300000022604 =041 ##$$a Ind =082 ##$$a 658.81 =090 ##$$a 658.81, Car-k =100 ##$$a Carnegie, Dale =245 ##$$a Kunci sukses, Meraih penghasilan tinggi, Dale Carnegie =260 ##$$a 1994 $b Jakarta =300 ##$$a 132 hlm., 21 cm =650 ##$$a Manajemen penjualan =850 ##$$a NBPNMAT